[Event "EU-ch 16th"]
[Site "Jerusalem"]
[Date "2015.03.02"]
[Round "6"]
[White "Firat, Burak"]
[Black "Marin, Mihail"]
[Result "1/2-1/2"]
[WhiteElo "2486"]
[BlackElo "2603"]
[Annotator "Marin,M"]
[PlyCount "128"]
[EventDate "2015.02.24"]
[EventType "swiss"]
[EventRounds "11"]
[EventCountry "ISR"]
[SourceTitle "CBM 166"]
[Source "ChessBase"]
[SourceDate "2015.05.11"]
[SourceVersion "1"]
[SourceVersionDate "2015.05.11"]
[SourceQuality "1"]

1. e4 e6 2. d4 d5 3. Nc3 Bb4 4. e5 b6 5. Bd2 Ne7 6. f4 {Out of book already. I
had not examined this move in my article, possibly considering that White does
not achieve much by restricting his dark-squared bishop.} ({I had only quoted} 
6. Nf3 {, leading by transposition to a very interesting game:} Bxc3 7. Bxc3 a5
8. h4 Qd7 9. h5 h6 10. Bd2 Ba6 11. Bxa6 Nxa6 12. O-O a4 13. Nh4 c5 14. Qg4 Rg8
15. c3 Nc7 16. Be3 c4 17. a3 O-O-O 18. Rae1 Nf5 19. Qh3 g5 20. hxg6 fxg6 21.
Nf3 g5 22. g4 h5 $1 $36 {1/2-1/2 (51) Geller,E (2575)-Seirawan,Y (2575) London
1982}) ({I must confess that I had spent some time on my fifth move, even
though I was sure it would transpose to Seirawan's game. The fact is that in
one of Yasser's pet lines, 4...Ne7 5.a3 Bxc3+ 6.bxc3 b6, 7.Qg4 is dangerous
for if 7...0-0 8.Bg5 Qd7 9.Bd3 Ba6?! 10.Bxh7!+ Kxh7 11.Qh4+. But then I
realised that in the current position my bishop is still on the board,
defending the e7-knight, so} 6. Qg4 {can be comfortably answered with} O-O 7.
Bg5 Qd7 8. Bd3 Ba6 $15) 6... Bxc3 {Following Yasser's plan.} ({I did not want
to rush in with} 6... Ba6 {, hoping that White will first lose a tempo with
his bishop. Anyway, this is playable, but I am slightly worried by the course
of the following game:} 7. Bxa6 Nxa6 8. Qe2 (8. Nce2 Bxd2+ 9. Qxd2 c5 10. Nf3
Nb4 {looks acceptable for Black.}) 8... Nb8 9. Nf3 Nbc6 10. O-O-O h5 11. g3 Nf5
12. Qd3 Bxc3 13. Bxc3 a5 14. a3 Qd7 15. Rhg1 a4 16. h3 {[%cal Gg3g4]} h4 $6 17.
g4 Ng3 18. Be1 Ne4 19. Nd2 Nxd2 20. Bxd2 Ne7 {1/2-1/2 (57) Mikhalchishin,
A-Eingorn,V Moscow 1984} 21. f5 exf5 22. Bg5 $36) 7. Bxc3 a5 {As usual in the
blocked French, every player has a wide choice on every step, which makes
these lines so complex. With my last move I obviously played against the
c3-bishop, preventing its activation along the a3-f8 diagonal.} ({I rejected} 
7... c5 {on account of} 8. Bb5+ {forcing me to give up the ...Ba6 plan. But it
seems that this would have been not a bad choice:} Bd7 9. Bd3 (9. Be2 Nf5 {
[%cal Gf5e3]} 10. Qd3 a6 {[%cal Gd7b5]} 11. a4 c4 12. Qf3 Nc6 {[%csl Gd4]} 13.
Qf2 b5 14. Nf3 b4 15. Bd2 h5 {Possibly followed by long castling, a plan I
used in my game with Alekseev annotated for this same CBM issue.}) 9... Nbc6
10. Nf3 c4 (10... Nf5 $2 11. Bxf5 exf5 12. dxc5 $16) 11. Be2 b5 {With a
similar plan as exposed in the previous comment.}) ({I also discarded} 7... Ba6
{because of} 8. Bxa6 Nxa6 9. Qd3 Nb8 10. Bb4 {Engines are enthusiastic about}
c5 11. dxc5 Nd7 12. cxb6 Qxb6 13. c3 {when every reasonable move is evaluated
as leading to dead equality. I am not so sure about Black's compensation for
the pawn, though.}) 8. g3 $5 $146 {Preparing to avoid the bishop exchange.} (8.
Qd2 Qd7 9. Qf2 Ba6 10. Nf3 Bxf1 11. Rxf1 Nbc6 12. O-O-O {Karolyi,T (2370)
-Lamoureux,C (2345) Oakham 1993 (1/2-1/2, 46)} O-O-O 13. g4 h5 14. h3 hxg4 15.
hxg4 f5 $5 {This method can be used mainly because the light-squared bishops
are off the board.} 16. exf6 gxf6 17. Rde1 Rdg8 18. Rg1 Kb7 19. Kb1 (19. Qe2
Qd6 20. Bd2 Ng6 21. Qxe6 Qxe6 22. Rxe6 Nh4 23. Nxh4 Nxd4 {[%cal Ge6f6,Gd4e2]})
19... Rg6 $132 20. g5 $140 Nf5) 8... h5 ({Now that White has wastd a tempo
with g2-g3, I could have safely played} 8... Ba6 {for instance:} 9. Bh3 c5 10.
Nf3 Nbc6 11. Qd2 Qc7 12. O-O-O (12. f5 Nxf5 13. Bxf5 exf5 14. dxc5 d4 15. Nxd4
Rd8 $15) 12... c4 13. g4 b5 14. Qe3 b4 15. Be1 a4 {Surprisingly (at least for
me), Black's pawn attack is quite dangerous.} 16. Kb1 b3 17. f5 bxc2+ 18. Kxc2
exf5 19. gxf5 Bc8 20. Nh4 a3 21. bxa3 Qa7 $36) 9. Nf3 Qd7 ({Once again} 9...
Ba6 {was an issue:} 10. Bh3 (10. Bg2 {keeps the possibility of the thematic
pawn attack, but the bishop is not too active on g2.} c5 11. Qd2 Nbc6 12. O-O-O
c4 13. h3 b5 14. Qe3 b4 15. Be1 a4 16. g4 Qb6 {Black is well ahead with his
attack, since} 17. f5 {looks premature:} a3 18. b3 cxb3 19. cxb3 hxg4 20. hxg4
Rxh1 21. Bxh1 exf5 22. gxf5 Nxf5 $17) 10... c5 11. Qd2 Nbc6 12. O-O-O c4 13.
Ng5 g6 14. g4 hxg4 15. Bxg4 b5 16. Qg2 b4 17. Be1 b3 18. a3 bxc2 19. Qxc2 Qb6
20. Bf2 Bb5 21. h4 (21. Rd2 Rb8 22. Kb1 Nb4 23. axb4 axb4 $40) 21... Rb8 22.
Rd2 c3 $1 23. Qxc3 Nb4 $1 24. Kb1 Nd3 25. h5 Rc8 {The queen is trapped.} 26.
Rxd3 (26. Qb3 a4 27. Qd1 Rc1+ 28. Qxc1 Nxc1 29. Kxc1 Qa6 $40 {[%cal Gb5d3]})
26... Rxc3 27. Rxc3 Kf8 $13) 10. Qd2 Ba6 11. Bh3 {Now that the a5-pawn is
under pressure, I could not think of ...c7-c5 anymore.} ({It would have made
sense to keep the path free for the h-pawn with:} 11. Bg2 Nbc6 12. O-O-O O-O-O
13. Nh4 (13. h3 {is premature:} Nf5 14. Qf2 h4 $1) 13... Kb8 14. h3 f5 15. Kb1
(15. exf6 gxf6 16. Rhe1 Rde8 17. Kb1 f5 {[%cal Ge7c8,Gc8d6]}) 15... Rdg8 16.
Nf3 Nd8 17. Rhg1 {with chances for setting up some strategic pressure.}) 11...
g6 {Immediately after playing this consolidating move I was slightly unhappy
about having weakened the dark squares so soon.} (11... Nbc6 12. Ng5 Nf5 13.
O-O-O O-O-O $11) 12. Qf2 Nbc6 13. g4 {This move surprised me, as now Black is
absolved from kingside worries.} (13. O-O-O b5 14. Kb1 b4 15. Be1 a4) (13. Bg2
Nf5 14. h3 h4) 13... hxg4 14. Bxg4 O-O-O 15. h4 Ng8 ({Black would have no
problems after} 15... Nf5 16. Bxf5 gxf5 {Schlechter,C-Lasker,E World
Championship 10th 1910 (1) 1/2 or even 16...exf5, but I wanted more. The
knight regrouping started by the last move was inspired by the classical game})
16. O-O-O Nh6 17. Bh3 Ne7 18. Bg2 $6 {Obviously overlooking my plan.} (18. Kb1
$5) 18... Nef5 19. Bh3 Ng7 20. Nh2 $6 {Another loss of time but, if truth be
said, there is not much White can do anyway.} Nhf5 21. Nf3 (21. Ng4 Qa4 22. Kb1
Rxh4 23. Nf6 Rdh8 $17) 21... Kb7 {I wanted to defend my bishop for setting up
such a threat: ...Qb5 and if Qe2 then ...Qa4.} ({But I knew that the king is
exposed on the long diagonal and wondered whether} 21... Kb8 {wouldn't have
been safer.}) 22. Kb1 {Defending the a2-pawn and crossing my secret plan.} Qe7
({If} 22... Qb5 23. Bf1 Qa4 {White can now avoid the bishop exchange with} 24.
Bh3) 23. Bg2 Rc8 24. b3 {This is an open invitation to trouble. After the
weakening of the queenside, Black can think of ...c7-c5. It would have been
wiser to keep to the neutral, half-waiting policy with} (24. Ng5 $5 {or}) (24.
Rh3 $5) 24... Kb8 {Too slow.} (24... c5 $1 25. dxc5 Qxc5 26. Bd4 Nxd4 27. Nxd4
Nf5 $15) 25. Bb2 c5 $6 {"Better late than never" does not apply here, as after
having cleared the path for the c-pawn White can get counterplay.} (25... a4 $5
$15) 26. Ba3 Qc7 27. c4 dxc4 28. bxc4 ({We were both getting short of time and
I was a bit worried by} 28. dxc5 {, but it seems that Black can stay in
control with:} cxb3 29. axb3 Bb7 30. Rc1 (30. cxb6 $2 Be4+ 31. Ka1 Qc3+ 32. Qb2
Qxb2+ 33. Bxb2 Ne3 $19) 30... Be4+ 31. Ka1 b5) 28... Bxc4 29. dxc5 b5 $6 {
The idea to keep the queenside blocked is correct, but the last move is
premature.} (29... Bd5 $1 30. Ka1 (30. cxb6 Qc3 31. Bb2 Qe3 $17) 30... b5 $5 {
Now this is playable for Black.} 31. Rb1 Qb7 (31... b4 $2 32. Bxb4 axb4 33.
Rxb4+ Ka8 34. Ra4+ $18) 32. Rxb5 $1 Qxb5 33. Rb1 Qxb1+ 34. Kxb1 $13 {It is
hard to say which king is more exposed. Strategically Black is doing fine, and
the material is about equal, but the queen is always dangerous....} Rc7 $5 (
34... Rhd8 35. Nd2 {[%cal Gd2e4,Gd2c4,Gd2b3]}) 35. Nd2 Rxh4 $132) 30. Rd6 $2 ({
Missing} 30. c6 $1 Bd5 31. Ng5 $36) 30... b4 {This should have sealed Black's
advantage, but the mutual time trouble goes on.} 31. Rb6+ (31. c6 Qa7 32. Qxa7+
Kxa7 33. Bb2 Bd5 34. Rxd5 $5 exd5 35. Ng5 Ne6 36. Bxd5 Nxf4 $17) 31... Ka7 $19
32. Nd4 Qxc5 33. Rb7+ Ka6 34. Bb2 {I had the distinct feeling that I was
winning, but could not see clearly how. The most painful thing is that the key
move is of the kind I am always preaching in articles and training: bring the
last piece into play. I believe that by this time I could not see the whole
board clearly and, possibly, forgot that there was a rook on h8...} Nxd4 $6 (
34... Rhd8 $1 $19 35. Rd1 Nxd4 36. Rxd4 (36. Bxd4 Bd3+) 36... Bd3+ 37. Ka1 Qc1+
38. Bxc1 Rxc1+ 39. Kb2 Rb1#) 35. Qxd4 (35. Bxd4 Bd3+ 36. Kb2 Qc2+ 37. Qxc2
Rxc2+ 38. Ka1 Rxg2 39. Rb6+ Ka7) 35... Bd5 $2 (35... Nf5 36. Qxc5 Rxc5 $17) (
35... Rhd8 36. Qxc5 Rxc5 37. Rxf7 Nf5 $17) 36. Bxd5 exd5 37. Qxc5 Rxc5 38. Rxf7
Nh5 39. Rg1 Rc6 40. f5 gxf5 {The time trouble was over and I went out for a
cigarette, asking myself what I could do after 41.e6. While smoking I managed
to find a defence against the move actually played in the game. After the game
was over, my room mate Alexandru Barnaure shook his head in sincere disbelief:
"Oh, no, how could you turn a +8 position into a -2?" A typical comment for
young generations, which does not reveal anything actually about the position.
40 years ago, my first trainer Micrea Pavlov would have shouted at me that he
had taught me to bring all the pieces into play, and I would have most likely
understood that immediately.} 41. Rxf5 $6 (41. e6 $18 {would have soon won the
knight under much better circumstances.}) 41... Rh7 42. Rgg5 Ng7 $1 43. Rf7
Rxh4 44. Rfxg7 Re4 45. Rg1 d4 {The clue to my dfeensive plan. The d4-pawn will
fall, due to the weakness of the white king. Black will have little trouble
defending.} 46. Rd7 Rxe5 47. Bxd4 Rh5 48. Rg2 Kb5 49. Rdg7 Ka4 {The king is
safe here, while the white one is not.} 50. R7g5 Rxg5 51. Rxg5 Rd6 52. Be3 Re6
53. Bd2 Rd6 54. Kc2 Rc6+ 55. Kb2 Rd6 56. Bc1 Rf6 57. Rc5 Rf2+ 58. Rc2 {Strange.
Possibly, my opponent, too, did not see the board clearly: the a8-corner is of
light colour.} Rxc2+ 59. Kxc2 Kb5 60. Kd3 a4 61. Kd4 Ka6 62. Kc5 Kb7 63. Kb5 b3
64. axb3 ({By now, he must have understood: even after winning both pawns with
} 64. a3 {White cannot win.}) 64... axb3 1/2-1/2

[Event "Andorra op 30th"]
[Site "La Massana"]
[Date "2012.07.27"]
[Round "7"]
[White "Negi, Parimarjan"]
[Black "Marin, Mihail"]
[Result "1-0"]
[WhiteElo "2661"]
[BlackElo "2548"]
[Annotator "Marin,M"]
[PlyCount "83"]
[EventDate "2012.07.21"]
[EventType "swiss"]
[EventRounds "9"]
[EventCountry "AND"]
[SourceTitle "CBM 149 Extra"]
[Source "ChessBase"]
[SourceDate "2012.08.24"]
[SourceVersion "1"]
[SourceVersionDate "2012.08.24"]
[SourceQuality "1"]

1. e4 e6 2. d4 d5 3. Nc3 Bb4 4. e5 b6 {Not a very topical variation, at least
not in the year of grace 2012. But in the past it has been an occasional
weapon of Botvinnik, Petrosian and Korchnoi.} 5. a3 Bf8 {When showing the game
to my son and nephew, I had some problems explaining to them how come after 5
moves all my pieces were on their initial squares still. I must confess that I
cannot explain to myself, either, but somehow it works!} 6. Nf3 ({I was
encouraged to choose this line against Negi after I saw the following game he
had played 5 years earlier:} 6. b4 {Almost surely, not the refutation of the
French.} c5 7. Rb1 Nc6 8. Bb5 Bd7 9. Nge2 Nxd4 10. Nxd4 cxd4 11. Bxd7+ Qxd7 12.
Ne2 Ne7 13. O-O Rc8 14. Bb2 Nc6 {Negi,P (2538)-Van Haastert,E (2391)/Wijk aan
Zee 2007/CBM 116 ext (1/2, 19). In our game, my opponent was slightly more
patient and played b2-b4 four moves later.}) 6... Ne7 7. h4 ({Here, too, the
advance of the b-pawn looks premature. In the following game, the most
brilliant attacking player ever was left in a slightly inferior position after:
} 7. b4 c5 8. Bg5 a6 9. bxc5 bxc5 10. dxc5 h6 11. Bd2 Nd7 12. Bd3 Nc6 13. Qe2
Nxc5 {Tal,M (2620)-Dizdar,G (2455)/Jurmala 1983/MCD (1/2, 28). White has
little to show for his ruined structure.}) 7... h6 {There are two difficult
choices to make on every step in these blocked positions. First, you have to
feel on which wing you should play at that moment. Secondly, you have to
decide precisely what to do on that wing.} ({I am almost certain that I would
never give up the control of the g5-square with} 7... h5 8. Bg5 Ba6 9. Bxa6
Nxa6 10. O-O Qd7 11. Qd3 Nb8 12. Ne2 Nbc6 13. c4 dxc4 14. Qxc4 Nd5 15. Rac1 $14
{Sokolov,A (2585)-Portisch,L (2605)/Moscow 1990/TD (1/2, 34). Because of the
g5-bishop, Black has problems maintaining the absolute control over the
d5-square.}) (7... c5 {looks a bit premature and has rarely been seen in
practice.} 8. Ne2 {This does not look too frightening.} ({I would be more
worried about} 8. Bg5 $5 {/\Nb5}) 8... Ba6 9. c3 {Dolmatov,S-Gulko,B/URS 1985/
[Dolmatov,S] (1-0, 36)}) 8. b4 $146 {Finally my opponent's favourite move.} ({
The most logical move is} 8. h5 {, but after} a5 {the then strongest player in
the world could not find adequate antidotes to Black's queenside attack:} 9.
Bb5+ c6 10. Ba4 Nd7 11. Ne2 b5 12. Bb3 c5 13. c3 Nc6 14. O-O Qc7 15. Re1 c4 16.
Bc2 Nb6 $36 {Kasparov,G (2795)-Ivanchuk,V (2740)/Horgen 1995/CBM 050/[Donev] 
(0-1, 31); with a gradual queenside crush.}) 8... c5 9. Bd3 {I am not sure
whether combining developing moves with radical pawn advances can be good. On
my (and my family's) way back to Romania, I met Negi in the Munich airport,
and we exchanged a few impressions about our game. He was definitely
dissatisfied with his opening play!} (9. bxc5 bxc5 10. Nb5 Nf5 {><d4} 11. dxc5
Bxc5 12. c4 Bb7 $132) 9... Nec6 {Although White is better developed, he has
some problems keeping his structure together.} 10. b5 (10. O-O Nxd4 11. Nxd4
cxd4 {קh4} 12. Bb5+ Bd7 13. Qxd4 Bxb5 14. Nxb5 Nc6 $132) (10. h5 Nxd4 11. Nxd4
cxd4 12. Ne2 a5 13. b5 Bc5 14. Bb2 Qg5 $36) 10... Nxd4 11. Nxd4 cxd4 12. Ne2 {
And once again all my remaining pieces are on their initial squares!!} a6 $1 {
There may be more than one way to reach a good position, but I think that my
move is the least committal one. I will surely need some space for my
queenside minor pieces, so why not start with solving this problem?} (12... Nd7
13. f4 Nc5 14. Nxd4) (12... Qc7 13. f4 a6 14. Bb2 {ףc7}) 13. Bb2 (13. Nxd4 Qc7
$1) (13. bxa6 Bxa6 $15) 13... axb5 14. Bxb5+ (14. Nxd4 b4) 14... Bd7 15. Nxd4 (
15. Bd3 $5 Nc6 16. f4 Bc5 17. h5 $44) 15... Bc5 $6 ({The only explanation I
can find for refraining from} 15... Bxb5 16. Nxb5 {is that I failed to spot
the idea of} Ra4 $17 {in time.}) 16. Bd3 $1 {Of course.} Bxd4 (16... O-O $5)
17. Bxd4 Nc6 18. Bb2 Ra4 {[%cal Ga4h4] Even now, this move is strong, but
White has his bishop pair to compensate for the pawn weaknesses.} 19. c4 (19.
Qh5 g6 20. Bxg6 fxg6 21. Qxg6+ Kf8 22. Rh3 Rf4 $1 23. Bc1 Nxe5 $5) 19... dxc4 {
Embarking on a risky business. I noticed that Julio Granda was looking at the
position with certain interest and I could not refrain from aiming for
spectacular play.} (19... Ne7 $13 {[%cal Gd7c6] would have been safer.}) 20.
Bc2 $1 ({OK, I must admit that I was slightly hoping for} 20. Qxa4 Nxe5 21. Qc2
Nxd3+ 22. Kf1 O-O $17) 20... Ra5 21. Qg4 {This came as a nasty surprize.
Usually, the queen arrives on this square in the early phase of the opening.
Having avoided it earlier, I completely forgot about this possibility.} Kf8 $6
{A poor choice.} (21... O-O {was entirely playable:} 22. Qe4 g6 23. h5 {
For some reasons, I stopped my calculation here, but with the white king in
the centre there is a lot of play left:} Qg5 24. hxg6 Nxe5 25. gxf7+ Rxf7 $13)
({Even} 21... g6 $5 {deserves being mentioned, since} 22. Bxg6 $2 {does not
work on account of} Rg8) 22. O-O $1 $36 Ne7 (22... Nxe5 23. Qg3 f6 24. Rad1 $40
{Despite his two extra pawns, Black has serious problems of coordination.}) 23.
Bc3 Rd5 24. Be4 Bc6 25. Bxd5 Bxd5 {At this moment, I was still hoping to get a
comfortable ending with a pawn for the exchange, but my opponent's play in the
next phase of the game deserves the highest praise.} 26. Rfd1 Nc6 (26... Kg8
27. Qxc4 $1) (26... Qc7 $5 $14) 27. Rxd5 $1 $40 {Eliminating the main defender
of the light squares.} exd5 (27... Qxd5 28. Rd1 Qb5 29. Rd6 $18 {followed by
Qe4}) 28. Rd1 h5 29. Qf3 Rh6 {A somewhat artificial way of developing, which
does not solve all the problems.} 30. Rxd5 Qe7 31. Rb5 Kg8 32. Rxb6 Qxa3 33.
Rb7 Qf8 34. Rc7 Qe8 35. Qf5 Re6 36. Qxh5 $5 (36. f4 g6 37. Qe4 Ne7 $14) 36...
Nxe5 $138 37. Qf5 $138 Nc6 (37... f6 $5 $16) 38. h5 Rd6 39. Qg4 $18 Ne5 40. Qg3
Rd5 41. h6 $1 (41. f4 $2 Rd1+ 42. Kh2 Rd3 43. Qg5 (43. Qe1 Ng4+) 43... Nf3+ 44.
gxf3 Qe2+ 45. Qg2 Qxg2+ 46. Kxg2 Rxc3) 41... Ng6 (41... g6 42. h7+ Kxh7 43.
Qh3+ Kg7 (43... Kg8 44. Rc8) 44. f4 $18) 42. Qxg6 $1 {Oops! I had not seen
this one.} ({I was counting on} 42. hxg7 Rd3 43. Qg4 Rxc3 44. Rc8 Qxc8 45.
Qxc8+ Kxg7 $14 {with chances to hold. My plan would be to abandon the c-pawn
and bring the rook back to, say e6. White has to avoid the exchange of his
pawns for the knight, which would lead to a simple draw.}) (42. Qxg6 fxg6 43.
Rxg7+ Kf8 44. Bb4+) 1-0